Name all the kpop groups 2022 - Statistics

General Stats
  • This quiz has been taken 4,887 times
  • The average score is 70 of 328
Answer Stats
Answer % Correct
BTS
97%
BLACKPINK
93%
TWICE
89%
STRAY KIDS
87%
TXT
85%
ITZY
83%
EXO
82%
ENHYPEN
80%
NCT
80%
RED VELVET
80%
SEVENTEEN
80%
AESPA
79%
IVE
78%
(G)IDLE
77%
GIRLS GENERATION
77%
B.I.G
75%
ATEEZ
74%
LE SSERAFIM
73%
MAMAMOO
73%
BIGBANG
72%
NMIXX
70%
GOT7
69%
IZ*ONE
69%
SHINEE
69%
2NE1
65%
SUPER JUNIOR
63%
MONSTA X
61%
TREASURE
61%
KEP1ER
60%
LOONA
60%
2PM
59%
GFRIEND
58%
IKON
58%
THE BOYZ
58%
WONDER GIRLS
58%
BTOB
55%
APINK
54%
ASTRO
54%
EVERGLOW
54%
STAYC
54%
2AM
52%
DAY6
52%
MOMOLAND
52%
FROMIS9
51%
I.O.I
51%
PENTAGON
51%
AOA
50%
F(X)
48%
4MEN
47%
WANNA ONE
46%
CLC
45%
4MINUTE
44%
KARD
44%
WINNER
44%
BLOCKB
43%
P1HARMONY
43%
S.I.S
43%
MISS A
42%
OH MY GIRL
42%
ONEUS
42%
SISTAR
42%
SUPERM
42%
TVXQ
42%
H.O.T
41%
CRAVITY
40%
PURPLE KISS
39%
KARA
38%
T-ARA
38%
VIXX
38%
B.O.Y
37%
NU'EST
37%
SF9
37%
WEEEKLY
37%
BILLLIE
36%
CHERRY BULLET
36%
EXID
36%
XDINARYHEROES
36%
AB6IX
35%
CIX
35%
THE ROSE
35%
B.A.P
33%
BRAVE GIRLS
33%
S.E.S
33%
VIVIZ
33%
BLACKSWAN
31%
X1
31%
A.C.E
30%
BROWN EYED GIRLS
30%
GIRLS DAY
30%
INFINITE
30%
WEKI MEKI
30%
PRISTIN
28%
GOLDEN CHILD
27%
GOT THE BEAT
27%
AKMU
26%
APRIL
26%
BE.A
26%
LOVELYZ
26%
VICTON
26%
COSMIC GIRLS
25%
GUGUDAN
25%
ORANGE CARAMEL
25%
HIGHLIGHT
24%
ROCKET PUNCH
24%
SECRET
24%
ONEWE
23%
ONLYONEOF
23%
SHINHWA
23%
DIA
22%
LIGHTSUM
22%
ONF
22%
CNBLUE
21%
MCND
21%
N.FLYING
21%
TEEN TOP
21%
100%
20%
B1A4
20%
NATURE
20%
OMEGA X
20%
EPEX
19%
FT ISLAND
19%
GWSN
19%
SECRET NUMBER
19%
U-KISS
19%
UP10TION
19%
VERIVERY
19%
KINGDOM
18%
LADIES' CODE
18%
MIRAE
18%
PIXY
18%
VAV
18%
WEI
18%
9MUSES
17%
CRAYON POP
17%
DRIPPIN
17%
E'LAST
17%
ZE:A
17%
CIGNATURE
16%
JUST B
16%
KNK
16%
24K
15%
BVNDIT
15%
DKZ
15%
HELLO VENUS
15%
KISS
15%
TO1
15%
WOO!AH!
15%
DKB
14%
EPIK HIGH
14%
GHOST9
14%
LABOUM
14%
RAINBOW
14%
UNIQ
14%
1TEAM
13%
1THE9
13%
3YE
13%
CIIPHER
13%
JBJ
13%
JYJ
13%
MBLAQ
13%
BAE173
12%
BERRYGOOD
12%
DALSHABET
12%
DREAMNOTE
12%
FIESTAR
12%
GLAM
12%
STELLAR
12%
15&
11%
BABY V.O.X
11%
BESTIE
11%
BLITZERS
11%
BUGABOO
11%
IM
11%
PINK FANTASY
11%
SECHSKIES
11%
SONAMOO
11%
SS501
11%
UNI-T
11%
HOT ISSUE
10%
HOTSHOT
10%
AA
9%
BUSTERS
9%
DAVICHI
9%
ELRIS
9%
FIN.K.L
9%
SATURDAY
9%
SPEED
9%
BOYS REPUBLIC
8%
CRAXY
8%
CROSS GENE
8%
D-CRUNCH
8%
HINAPIA
8%
IMFACT
8%
IN2IT
8%
LUNARSOLAR
8%
M.O.N.T
8%
SPICA
8%
VANNER
8%
1TYM
7%
2EYES
7%
4TEN
7%
BIGFLO
7%
FANATICS
7%
MADTOWN
7%
ROMEO
7%
SNUPER
7%
UNB
7%
14U
6%
4L
6%
A-JAX
6%
ARIAZ
6%
BDC
6%
D1CE
6%
EVOL
6%
FAVORITE
6%
HALO
6%
MYNAME
6%
MYTEEN
6%
NOIR
6%
T1419
6%
TRCNG
6%
2YOON
5%
5URPRISE
5%
8EIGHT
5%
A.CIAN
5%
ALPHABAT
5%
BF
5%
BIG MAMA
5%
BIGSTAR
5%
BOLBBALGAN4
5%
CHOCOLAT
5%
DREAMCACTHER
5%
ENOI
5%
HONEY POPCORN
5%
JEWELRY
5%
MAP6
5%
NEON PUNCH
5%
NEWKIDD
5%
PLAYBACK
5%
REDSQUARE
5%
TARGET
5%
VROMANCE
5%
2000 WON
4%
5-DOLLS
4%
A-PRINCE
4%
ARGON
4%
BLACKPEARL
4%
BLADY
4%
BLINGBLING
4%
BUZZ
4%
CLICKB
4%
D.HOLIC
4%
DYNAMIC DUO
4%
FLY TO THE SKY
4%
GREATGUYS
4%
HIGH4
4%
I.B.I
4%
JJCC
4%
MAJORS
4%
MXM
4%
PURPLE BECK
4%
RAINZ
4%
REFUND SISTERS
4%
SPECTRUM
4%
TINY-G
4%
TST
4%
VARSITY
4%
1PS
3%
2NB
3%
2Z
3%
AFTERCHOOL
3%
A TRAIN TO AUTUMN
3%
AWEEK
3%
BEATWIN
3%
BLACKBEAT
3%
BOB GIRLS
3%
BOTOPASS
3%
BROWN EYED SOUL
3%
COCOSORI
3%
DEUX
3%
D-UNIT
3%
F.CUZ
3%
GIRLKIND
3%
HASHTAG
3%
LAYSHA
3%
MR.MR
3%
MUSTB
3%
ROCKING DOLL
3%
TAHITI
3%
TEEN TEEN
3%
THE BOSS
3%
THE LEGEND
3%
UNICORN
3%
UNVS
3%
VENUS
3%
W24
3%
WANNA B
3%
WE GIRLS
3%
XENO-T
3%
24HOURS
2%
ALMENG
2%
BATTLE
2%
BIG BRAIN
2%
BZBOYS
2%
DESTINY
2%
DMTN
2%
HOMME
2%
KHAN
2%
LIMITLESS
2%
LUNAFLY
2%
N.CUS
2%
NTB
2%
N.TIC
2%
N.TRAIN
2%
ROYAL PIRATES
2%
TASTY
2%
TOUCH
2%
VOISPER
2%
WA$$UP
2%
WE IN THE ZONE
2%
YELLOW BEE
2%
A.KOR
1%
BAECHIGI
1%
BOHEMIAN
1%
BUILDUP
1%
CICI
1%
LIKE A MOVIE
1%
ZPZG
1%
No matching quizzes found
Score Distribution
Percent of People with Each Score
Percentile by Number Answered
Your Score History
You have not taken this quiz